Teoría y problemas de fundamentos de matemáticas superiores (Registro nro. 8133)

Detalles MARC
000 -LEADER
fixed length control field 00779 a2200217 4500
001 - CONTROL NUMBER
control field 63346
005 - DATE AND TIME OF LATEST TRANSACTION
control field 20260407155931.0
008 - FIXED-LENGTH DATA ELEMENTS--GENERAL INFORMATION
fixed length control field 260407a1969 arg spa d
003 - CONTROL NUMBER IDENTIFIER
control field AR-UNSa-BCEJYS
040 ## - CATALOGING SOURCE
Original cataloging agency AR-UNSa-BCEJYS
Language of cataloging spa
Transcribing agency AR-UNSa-BCEJYS
080 ## - UNIVERSAL DECIMAL CLASSIFICATION NUMBER
Universal Decimal Classification number 510
Common auxiliary subdivision Consideraciones fundamentales y generales de las matemáticas<br/>
041 ## - LANGUAGE CODE
Language code of text/sound track or separate title spa
100 1# - MAIN ENTRY--PERSONAL NAME
Personal name Ayres, Frank, Jr.
245 10 - TITLE STATEMENT
Title Teoría y problemas de fundamentos de matemáticas superiores
264 #1 - PRODUCTION, PUBLICATION, DISTRIBUTION, MANUFACTURE, AND COPYRIGHT NOTICE
Place of production, publication, distribution, manufacture Bogotá :
Name of producer, publisher, distributor, manufacturer Libros McGraw-Hill
Date of production, publication, distribution, manufacture, or copyright notice 1969
300 ## - PHYSICAL DESCRIPTION
Extent 242 p.
Dimensions 27 cm.
505 ## - FORMATTED CONTENTS NOTE
Formatted contents note 1. Álgebra - 2. Trigonometría plana - 3. Geometría analítica plana y del espacio - 4. Introducción al cálculo
590 ## - LOCAL NOTE (RLIN)
Local note niveau_biblio:m niveau_hierar:0
700 1# - ADDED ENTRY--PERSONAL NAME
Personal name Castaño Ceballos, Jesús Maria
942 ## - ADDED ENTRY ELEMENTS (KOHA)
Koha item type
Existencias
Withdrawn status Lost status Damaged status Not for loan Home library Current library Shelving location Date acquired Total checkouts Full call number Barcode Date last seen Price effective from Koha item type
        Biblioteca Prof. Eusebio Cleto del Rey Biblioteca Prof. Eusebio Cleto del Rey   07/04/2026   510 A985 L23658 07/04/2026 07/04/2026 Libro